| 000 | 00928cam a2200253 a 4500 | ||
|---|---|---|---|
| 999 |
_c5143 _d5143 |
||
| 001 | 15626149 | ||
| 005 | 20170529092434.0 | ||
| 008 | 090217s2009 ke a 000 0 eng | ||
| 010 | _a 2009349123 | ||
| 020 | _a9789966256010 | ||
| 040 |
_aDLC _cDLC _dDLC |
||
| 042 | _alcode | ||
| 043 | _af-sj--- | ||
| 050 | 0 | 0 |
_aDT159.6.S73 _bM35 2009 |
| 100 | 1 |
_aMalok, Elijah, _d1937- _931156 |
|
| 245 | 1 | 4 |
_aThe Southern Sudan : _bstruggle for liberty / _cElijah Malok. |
| 260 |
_aNairobi : _bKenway Publications, _c2009. |
||
| 300 |
_a340 p. : _bill. ; _c21 cm. |
||
| 651 | 0 |
_aSouth Sudan _xHistory. _931157 |
|
| 651 | 0 |
_aSouth Sudan _xPolitics and government. _931158 |
|
| 906 |
_a7 _bcbc _corigode _d3 _encip _f20 _gy-gencatlg |
||
| 942 |
_2lcc _cMONOGRAPH |
||